Les buteurs des Classicos saison 2024/2025 - Statistiques

Statistiques générales
  • Ce quiz a été pris 229 fois
  • Le résultat moyen est 8 sur 11
Statistiques - réponses
Réponse % Correct
Mbappe
100%
Yamal
94%
Raphinha
88%
Lewandowski
85%
Pedri
82%
Rodrygo
73%
Koundé
68%
Ferran Torres
67%
Tchouameni
54%
Balde
49%
Eric Garcia
48%
Aucun quiz correspondant
Distribution des résultats
% des personnes avec chaque résultat
Percentile par nombre de réponses
Votre historique - résultats
Vous n’avez pas pris ce quiz